LEADER 01010nam0-22003131i-450- 001 990000807760403321 005 20001010 010 $a88-7740-202-4 035 $a000080776 035 $aFED01000080776 035 $a(Aleph)000080776FED01 035 $a000080776 100 $a20001010d--------km-y0itay50------ba 101 0 $aita 105 $ay-------001yy 200 1 $aCriteri di scelta di un ascensore e di progettazione dei vani tecnici$eguida pratica per i progettisti edili$fFaustoLinguiti 210 $aCosenza$cBios$d[1996] 215 $aXII, 182 p.$cill.$d24 cm 300 $aIn testa al front.: Università degli studi di Ancona Facoltà di Ingegneria 610 0 $aASCENSORI 700 1$aLinguiti,$bFausto$0344043 801 0$aIT$bUNINA$gRICA$2UNIMARC 901 $aBK 912 $a990000807760403321 952 $aTECN B 1292$b10403$fFARBC 959 $aFARBC 996 $aCriteri di scelta di un ascensore e di progettazione dei vani tecnici$9352295 997 $aUNINA DB $aING01 LEADER 00815nam0-22002891i-450- 001 990002761200403321 005 20060526112908.0 035 $a000276120 035 $aFED01000276120 035 $a(Aleph)000276120FED01 035 $a000276120 100 $a20030910d1981----km-y0itay50------ba 101 0 $aeng 200 1 $aRetailing today$fby James D.L., Bruce J . Walker and Michael J. Etzel 205 $a2nd ed. 210 $aNew York$cHarcourt Brace & World Inc.$d1981 215 $ap. 543$dcm 24 700 1$aJames,$bDon L.$0112786 701 1$aWalker,$bBruce J.$0148185 701 1$aEtzel,$bMichael J.$0148184 801 0$aIT$bUNINA$gRICA$2UNIMARC 901 $aBK 912 $a990002761200403321 952 $a4-8-403$btic$fECA 959 $aECA 996 $aRetailing today$9422388 997 $aUNINA